Las relaciones entre el movimiento obrero y el gobierno de Salvador Allende.

Guardado en:
Detalles Bibliográficos
Autor principal: Zapata, Francisco (autor)
Formato: Libro
Idioma:Español
Colección:(Cuadernos del CES ;
Temas:
Etiquetas: Agrega una etiqueta
Sin etiquetas, Sé el primero en etiquetar este registro!

MARC

LEADER 00000nam^a2200000^u^4500
001 000496058
005 20250521000000.0
008 060124s1000^^^^^^^^^^^^r^^^^^000^0^spa^d
009 20260310125603.726
035 |a FCE 000039467 
037 |a Acervo ITESO - Biblioteca 
041 |a spa 
082 0 4 |a 082.1  |b CES 4 
100 |a Zapata, Francisco  |e (autor) 
245 1 4 |a Las relaciones entre el movimiento obrero y el gobierno de Salvador Allende. 
264 |a México :  |b COLMEX,  |c 1976. 
300 |a 93 p. 
336 |a texto  |b txt  |2 rdacontenido 
337 |a sin mediación  |b n  |2 rdamedio 
338 |a volumen  |b nc  |2 rdasoporte 
440 4 |a (Cuadernos del CES ;  |n 4). 
649 |a XX 
650 |a Allende, Salvador 
650 |a Gobierno 
650 |a Movimiento obrero 
650 |a Santiago de Chile 
910 |a Fondo Centro de Estudios Educativos 
920 |a Impresos - Libros 
930 |a Fondos Especiales 
905 |a 133 
901 |a ALE039573  |b IT2  |c CEE  |u 20250521 
902 |a https://opac.biblio.iteso.mx/vufind/Record/000496058